Normal view
MARC view
- Shanmugam, Bala
Entry Personal Name
001 - CONTROL NUMBER
- control field: 36569
003 - CONTROL NUMBER IDENTIFIER
- control field: OSt
005 - DATE AND TIME OF LATEST TRANSACTION
- control field: 20141117154629.0
008 - FIXED-LENGTH DATA ELEMENTS
- fixed length control field: 141117|| aca||aabn | a|a d
040 ## - CATALOGING SOURCE
- Original cataloging agency: OSt
100 1# - HEADING--PERSONAL NAME
- Personal name: Shanmugam, Bala
400 0# - SEE FROM TRACING--PERSONAL NAME
- Personal name: Bala Shanmugam